000 00381nam a22001217a 4500
003 OSt
005 20240320101822.0
008 240320b |||||||| |||| 00| 0 eng d
040 _cCentral Library MRSPTU
100 _a Jagjeet Muktsari (ਜਗਜੀਤ ਮੁੁਕਤਸਰੀ)
245 _aIko Tera Naam Datya (ਇਕੋ ਤੇਰਾ ਨਾਮ ਦਾਤਿਆ)
942 _2ddc
_cBK
_n0
999 _c9890
_d9890